Jawlnei Ezekiel Laibu: (Record no. 3659)
[ view plain ]
| 000 -LEADER | |
|---|---|
| fixed length control field | 00557nam a22001817a 4500 |
| 003 - CONTROL NUMBER IDENTIFIER | |
| control field | GBCCL |
| 005 - DATE AND TIME OF LATEST TRANSACTION | |
| control field | 20241126110459.0 |
| 008 - FIXED-LENGTH DATA ELEMENTS--GENERAL INFORMATION | |
| fixed length control field | 171130b xxu||||| |||| 00| 0 eng d |
| 040 ## - CATALOGING SOURCE | |
| Transcribing agency | gbc |
| 082 ## - DEWEY DECIMAL CLASSIFICATION NUMBER | |
| Classification number | VER 224.407 |
| Item number | KHA |
| 100 ## - MAIN ENTRY--PERSONAL NAME | |
| Personal name | Khamkholun, L. |
| 9 (RLIN) | 7255 |
| 245 ## - TITLE STATEMENT | |
| Title | Jawlnei Ezekiel Laibu: |
| Remainder of title | Bung 25-48 / |
| Statement of responsibility, etc. | L. Khamkholun |
| 260 ## - PUBLICATION, DISTRIBUTION, ETC. | |
| Place of publication, distribution, etc. | New Lamka: |
| Name of publisher, distributor, etc. | Evangelical Baptist Convention, |
| Date of publication, distribution, etc. | 2008 |
| 300 ## - PHYSICAL DESCRIPTION | |
| Extent | 317p.; |
| Other physical details | ill., |
| Dimensions | 20 cm. |
| 440 ## - SERIES STATEMENT/ADDED ENTRY--TITLE | |
| Title | Saptuam' Laisiangthou Hilhchetna |
| 9 (RLIN) | 7247 |
| 650 ## - SUBJECT ADDED ENTRY--TOPICAL TERM | |
| Topical term or geographic name entry element | Bible |
| Form subdivision | Old Testament |
| General subdivision | Ezekiel Commentary |
| 9 (RLIN) | 7260 |
| 942 ## - ADDED ENTRY ELEMENTS (KOHA) | |
| Source of classification or shelving scheme | Dewey Decimal Classification |
| Koha item type | Books |
| Withdrawn status | Lost status | Source of classification or shelving scheme | Damaged status | Not for loan | Collection | Home library | Current Library | Shelving location | Date acquired | Total checkouts | Full call number | Barcode | Date last seen | Copy number | Price effective from | Koha item type |
|---|---|---|---|---|---|---|---|---|---|---|---|---|---|---|---|---|
| Dewey Decimal Classification | GRACE BIBLE COLLEGE | GRACE BIBLE COLLEGE | Vernacular | 2017-11-30 | VER 224.407 KHA | 010829 | 2025-05-01 | c.1 | 2017-11-30 | Books | ||||||
| Dewey Decimal Classification | GRACE BIBLE COLLEGE | GRACE BIBLE COLLEGE | Vernacular | 2017-11-30 | VER 224.407 KHA | 010830 | 2025-05-01 | c.2 | 2017-11-30 | Books | ||||||
| Dewey Decimal Classification | GRACE BIBLE COLLEGE | GRACE BIBLE COLLEGE | Vernacular | 2017-11-30 | VER 224.407 KHA | 010831 | 2025-05-01 | c.3 | 2017-11-30 | Books | ||||||
| Dewey Decimal Classification | GRACE BIBLE COLLEGE | GRACE BIBLE COLLEGE | Vernacular | 2017-11-30 | VER 224.407 KHA | 010832 | 2025-05-01 | c.4 | 2017-11-30 | Books | ||||||
| Dewey Decimal Classification | GRACE BIBLE COLLEGE | GRACE BIBLE COLLEGE | Vernacular | 2017-11-30 | VER 224.407 KHA | 010833 | 2025-05-01 | c.5 | 2017-11-30 | Books |